[Event "Rome Elo op 4th"]
[Site "Rome"]
[Date "2009.05.13"]
[Round "2"]
[White "Foschini, Andrea"]
[Black "Bogosavljevic, Miodrag"]
[Result "0-1"]
[WhiteElo "1815"]
[BlackElo "2030"]
[PlyCount "76"]
[EventDate "2009.05.06"]
[EventType "swiss"]
[EventRounds "7"]
[EventCountry "ITA"]
[SourceTitle "EXT 2011"]
[Source "ChessBase"]
[SourceDate "2010.11.26"]
[SourceVersion "1"]
[SourceVersionDate "2010.11.26"]
[SourceQuality "1"]

1. e4 c5 2. Nf3 d6 3. d4 cxd4 4. Nxd4 Nf6 5. Nc3 g6 6. Be3 Bg7 7. f3 0-0 8. Qd2 Nc6 9. Bc4 Bd7 10. 0-0-0 Rc8 11. Bb3 Ne5 12. h4 h5 13. Bg5 Nc4 14. Bxc4 Rxc4 15. Nce2 Qb6 16. Kb1 Rfc8 17. Be3 Qa6 18. b3 R4c7 19. c4 b5 20. cxb5 Bxb5 21. Nxb5 Rc2 22. Qxc2 Rxc2 23. Kxc2 Qxa2+ 24. Kd3 Nd7 25. Bd4 Qxb3+ 26. Nbc3 Nc5+ 27. Ke3 Bh6+ 28. Kf2 Qc4 29. Rb1 e5 30. Bxc5 Qxc5+ 31. Kg3 Bf4+ 32. Nxf4 exf4+ 33. Kxf4 Qxc3 34. Rhd1 Qe5+ 35. Ke3 Qg3 36. Rb7 Qxg2 37. Rxd6 Qg1+ 38. Ke2 Qh2+ 0-1

[Event "Rome Accademia op 04"]
[Site "Rome"]
[Date "2008.04.19"]
[Round "3"]
[White "Gatta, Flavio"]
[Black "Foschini, Andrea"]
[Result "1-0"]
[WhiteElo "1766"]
[BlackElo "1844"]
[PlyCount "77"]
[EventDate "2008.04.18"]
[EventType "swiss"]
[EventRounds "5"]
[EventCountry "ITA"]
[SourceTitle "EXT 2011"]
[Source "ChessBase"]
[SourceDate "2010.11.26"]
[SourceVersion "1"]
[SourceVersionDate "2010.11.26"]
[SourceQuality "1"]

1. c4 Nf6 2. Nc3 g6 3. e4 d6 4. d4 Bg7 5. Be2 0-0 6. Bg5 h6 7. Be3 Nc6 8. h3 a6 9. d5 Ne5 10. f4 Ned7 11. Qc2 Nc5 12. Rc1 Ncd7 13. Nf3 Nh5 14. g4 Ng3 15. Rg1 Nxe2 16. Qxe2 c5 17. g5 h5 18. Qd3 Rb8 19. b3 Qa5 20. Bd2 Qd8 21. h4 Nb6 22. Nh2 Na8 23. Rf1 Nc7 24. Ne2 e6 25. Bc3 exd5 26. cxd5 Bxc3+ 27. Nxc3 b5 28. Kd2 b4 29. Ne2 Nb5 30. f5 Qa5 31. Qc2 Bd7 32. fxg6 fxg6 33. Rf6 Rxf6 34. gxf6 Rf8 35. Rf1 Qd8 36. e5 Bf5 37. Rxf5 gxf5 38. Qxf5 Qe8 39. Qg5+ 1-0

[Event "Rome Accademia op 04"]
[Site "Rome"]
[Date "2008.04.18"]
[Round "1"]
[White "Quimi, Marco"]
[Black "Foschini, Andrea"]
[Result "1-0"]
[WhiteElo "2253"]
[BlackElo "1844"]
[PlyCount "79"]
[EventDate "2008.04.18"]
[EventType "swiss"]
[EventRounds "5"]
[EventCountry "ITA"]
[SourceTitle "EXT 2011"]
[Source "ChessBase"]
[SourceDate "2010.11.26"]
[SourceVersion "1"]
[SourceVersionDate "2010.11.26"]
[SourceQuality "1"]

1. d4 Nf6 2. Nf3 g6 3. Bf4 Bg7 4. Nbd2 0-0 5. h3 d6 6. e3 c5 7. c3 Nc6 8. Be2 Re8 9. 0-0 cxd4 10. exd4 e5 11. dxe5 dxe5 12. Be3 e4 13. Nd4 Nd5 14. Nxc6 Nxe3 15. Nxd8 Nxd1 16. Raxd1 Rxd8 17. Nxe4 Be6 18. Nc5 Bxa2 19. Nxb7 Re8 20. Bf3 Rab8 21. Rfe1 Rxe1+ 22. Rxe1 a6 23. Rd1 Bf6 24. Rd6 Kg7 25. Rxa6 Bc4 26. Ra1 Be6 27. Ra7 Bf5 28. Nc5 Rxb2 29. g3 Bxc3 30. Bd5 Bxh3 31. Rxf7+ Kh6 32. Na4 Rc2 33. Rc7 Rc1+ 34. Kh2 Bd2 35. Rxc1 Bxc1 36. Kxh3 Kg5 37. Nc5 h5 38. Nd3 Bd2 39. Be4 Kf6 40. Nf4 1-0

[Event "Rome d'Inverno op 2nd"]
[Site "Rome"]
[Date "2006.02.03"]
[Round "1"]
[White "Foschini, Andrea"]
[Black "Corso, Sergio"]
[Result "0-1"]
[WhiteElo "1939"]
[BlackElo "2302"]
[PlyCount "94"]
[EventDate "2006.02.03"]
[EventType "swiss"]
[EventRounds "5"]
[EventCountry "ITA"]
[SourceTitle "EXT 2007"]
[Source "ChessBase"]
[SourceDate "2006.11.23"]
[SourceVersion "1"]
[SourceVersionDate "2006.11.23"]
[SourceQuality "1"]

1. e4 c5 2. Nf3 e6 3. d4 cxd4 4. Nxd4 Nc6 5. Nc3 d6 6. Be3 Nf6 7. Be2 Be7 8. 0-0 0-0 9. f4 Qc7 10. Qd2 a6 11. a4 Nxd4 12. Bxd4 e5 13. Be3 exf4 14. Rxf4 Be6 15. Raf1 Nd7 16. Nd5 Bxd5 17. exd5 Bg5 18. R4f2 Bxe3 19. Qxe3 g6 20. Bd3 Ne5 21. Qd4 f5 22. h3 Rac8 23. Kh1 Qc5 24. Qxc5 Rxc5 25. Rd1 Kg7 26. Bf1 Rfc8 27. c3 Re8 28. Kg1 Rc7 29. Rd4 a5 30. Bb5 Ree7 31. Rfd2 Nf7 32. Kf2 Kf6 33. Re2 Rxe2+ 34. Bxe2 Ke5 35. Kf3 Rc5 36. Ke3 Ng5 37. c4 Rc7 38. h4 Nf7 39. g4 b6 40. b3 Re7 41. gxf5 gxf5 42. Bd1 Nh6 43. Bf3 Rg7 44. Rd2 f4+ 45. Kf2 Nf5 46. Re2+ Ne3 47. Rd2 Rg3 0-1